Quelques statues de Paris... - Statistiques

Statistiques générales
  • Ce quiz a été pris 55 fois
  • Le résultat moyen est 10 sur 20
Statistiques - réponses
Par images Hint Réponse % Correct
NB Napoléon Bonaparte
98%
JDA Jeanne d'Arc
88%
M Molière
87%
WC Winston Churchill
87%
H Henri IV
75%
JJR Jean-Jacques Rousseau
73%
FR François Rabelais
67%
L Louis XIV
65%
C Charlemagne
62%
L Louis XIII
50%
GDT Grégoire de Tours
46%
JM Jules Mazarin
44%
ADM Alfred de Musset
33%
JJ Joseph Joffre
27%
AJDPDR Armand Jean du Plessis de Richelieu
25%
GE Gustave Eiffel
19%
EM Etienne Marcel
15%
MDBDDS Maximilien de Béthune duc de Sully
12%
FDSDLMF François de Salignac de La Mothe Fénelon
10%
PACDB Pierre-Augustin Caron de Beaumarchais
6%
Aucun quiz correspondant
Distribution des résultats
% des personnes avec chaque résultat
Percentile par nombre de réponses
Votre historique - résultats
Vous n’avez pas pris ce quiz